| 000 | 01278nam a22003737a 4500 | ||
|---|---|---|---|
| 001 | 0003259 | ||
| 003 | KOHA_MİRAKIL | ||
| 005 | 20260207001332.0 | ||
| 007 | ta | ||
| 008 | 090325b2003 tu |||gr||||#||||0|tur | | ||
| 020 | _a9752973078 | ||
| 040 |
_aTR-BiSEU _btur _cTR-BiSEU _erda |
||
| 041 | 0 | _atur | |
| 044 | _ctu | ||
| 050 |
_aQA76.73.S65 _bG76 2003 |
||
| 100 | 1 | _aGroff, James R.. | |
| 240 | 1 | 0 |
_aSQL, the complete reference _lTürkçe |
| 245 | 1 |
_aHerkes için SQL = _bSQL, the complete reference/ _cJames R. Groff ; Paul N. Weinberg; çeviren Gökçe İmren Kamburoğlu, Tuğrul Lütfü Erdem; çeviri editörü Selçuk Tüzel. |
|
| 264 | 1 |
_aİstanbul : _bAlfa Yayınları _c2003 |
|
| 300 | _aXVII, 889 sayfa: resimli; CD-ROM | ||
| 336 |
_ametin _btxt _2rdacontent |
||
| 337 |
_aaracısız _bn _2rdamedia |
||
| 338 |
_acilt _bnc _2rdacarrier |
||
| 490 | 0 | _aAlfa yayınları : 1290. | |
| 490 | 0 | _aBilgisayar dizisi : 259. | |
| 500 | _aDizin var. | ||
| 650 | 0 |
_aİlişkisel veritabanları. _93142 |
|
| 650 | 0 |
_aSQL(Bilgisayar program dili). _94501 |
|
| 650 | 0 |
_aRelational databases. _93141 |
|
| 650 | 0 |
_aSQL(Computer program language). _94502 |
|
| 830 | 0 |
_aAlfa yayınları : 1290. _98193 |
|
| 830 | 0 |
_aBilgisayar dizisi : 259. _98194 |
|
| 942 |
_2lcc _cBK |
||
| 999 |
_c3243 _d3243 |
||